00576 a2200217 4500260001000000630001800010037001300028650003900041100002500080260001800105245009000123300001100213650002300224260000900247300000900256100000700265037001100272700002900283700002800312020001800340 aParis a57 - Biologie b1, Achat a5 - SCIENCES EXACTES ET NATURELLES aLehninger, Albert L. bInterEditions aBioénergétique : base moléculaire des transformations de l'énergie biologique a238 p. aBioénergétique c1978 b22cm lFr aS 3112 aéd., Duquesne, Maurice acol., Duquesne, Jeanine a2-7296-0062-0